UBT Library

Ndërtimet prej Betoni të Armuar dhe Guri (Record no. 58116)

000 -LEADER
fixed length control field 00298nam a22001337a 4500
008 - FIXED-LENGTH DATA ELEMENTS--GENERAL INFORMATION
fixed length control field 210819b ||||| |||| 00| 0 eng d
041 ## - LANGUAGE CODE
Language code of text/sound track or separate title eng
080 ## - UNIVERSAL DECIMAL CLASSIFICATION NUMBER
Universal Decimal Classification number 72
082 ## - DEWEY DECIMAL CLASSIFICATION NUMBER
Classification number 72
100 ## - Rafti
Rafti 41
101 ## - Shkurtesa
Shkurtesa NDE
245 ## - TITLE STATEMENT
Title Ndërtimet prej Betoni të Armuar dhe Guri
Statement of responsibility, etc Daja,Sh
942 ## - ADDED ENTRY ELEMENTS (KOHA)
Source of classification or shelving scheme
Item type Books
Holdings
Withdrawn status Lost status Source of classification or shelving scheme Damaged status Not for loan Collection code Permanent location Current location Shelving location Date acquired Total Checkouts Full call number Barcode Date last seen Price effective from Koha item type
          Koleksioni i përgjithshem UBT - Lipjan UBT - Lipjan Koleksioni i përgjithshem 08/19/2021   72 DAJ 002-7004179 08/19/2021 08/19/2021 Books
UBT Library © 2015-2024. All rights reserved University Education for Business and Technology